Statystyki dla Quiz o Flagach Dla Geomexa

Kliknij tutaj aby rozwiązać quiz!

Ogólne statystyki

  • Ten quiz został rozwiązany 307 razy
    (304 od ostatniego zresetowania)
  • Średni wynik to 7 z 32

Statystyki odpowiedzi

Odpowiedź% Poprawnych
Kanada
92%
Niemcy
75%
Australia
70%
Tuvalu
59%
Chiny
45%
Egipt
44%
Szwajcaria
43%
Estonia
33%
Peru
30%
Panama
29%
Ekwador
28%
San Marino
26%
Zimbabwe
25%
Jemen
20%
Maroko
17%
Uganda
17%
Włochy
17%
Kuba
13%
Kongo
7%
Tajlandia
7%
Kuwejt
6%
Portugalia
6%
Kostaryka
4%
Madagaskar
4%
Tunezja
4%
Urugwaj
4%
Polinezja Francuska
3%
Węgry
3%
Fidżi
2%
Liechtenstein
2%
Mongolia
2%
Wenezuela
2%

Rozkład punktacji

Percentyl według liczby udzielonych odpowiedzi

Procent ludzi z każdym wynikiem

Twoja historia wyników

Nie rozwiązałeś tego quizu od ostatniego zresetowania